000 00876cam a22002537a 4500
001 13172498
005 20180227053611.0
008 030422s2004 nyua b 001 0 eng d
010 _a 2003106045
020 _a158110121X (pbk.)
035 _a(DLC)13172498
040 _aJAG
_cJAG
_dFUH
_dDLC
041 _aeng
042 _alccopycat
080 _a649.154 REI
082 0 0 _a649.154 REI
_222
100 1 _a8
101 _aPED
245 1 0 _aADHD :
_cMichael I. Reiff, with Sherill Tippins.
504 _aIncludes bibliographical references (p. 333-339) and index.
906 _a7
_bcbc
_ccopycat
_d3
_encip
_f20
_gy-gencatlg
942 _2ddc
_cBK
999 _c43573
_d43573